MARC

LEADER 00000nam0a2200000 4500
001 296865
005 20231102000941.0
020 |a RU  |b 84-46635 
035 |a (RuTPU)RU\TPU\book\321973 
090 |a 296865 
100 |a 20150603d1984 km y0rusy5003 ca 
101 0 |a rus 
102 |a RU 
105 |a y z 001zy 
200 1 |a Становление и развитие материально-технической базы идейно-воспитательной работы  |f В. В. Викторов 
210 |a Москва  |c Высшая школа  |d 1984 
215 |a 127 с. 
320 |a Библиогр.: с. 118-126 
606 1 |a КПСС  |x Руководящая и направляющая сила советского общества  |2 stltpush  |3 (RuTPU)RU\TPU\subj\14910  |9 41230 
610 1 |a руководство 
610 1 |a культурно-просветительные учреждения 
610 1 |a партийное руководство 
610 1 |a история 
610 1 |a идейно-воспитательная работа 
610 1 |a материально-технические базы 
610 1 |a развитой социализм 
686 |a Ф61(2)4  |2 rubbk 
700 1 |a Викторов  |b В. В.  |g Вячеслав Викторович  |4 070 
801 0 |a RU  |b RuMRKP  |c 19950704  |g psbo 
801 1 |a RU  |b 63413507  |c 20150603 
801 2 |a RU  |b 63413507  |c 20190206  |g RCR 
942 |c BK